Engineering design process

Bibliographic Details
Main Author: Haik, Yousef , 1963- (Author)
Format: Book
Published: Pacific Grove, Calif. : Thomson Brooks/Cole , c2003
Subjects:

MARC

LEADER 00000cam a2200000 7i4500
001 0000045821
005 20170214093000.0
008 030703s2003
020 |a 053438014X 
090 0 0 |a TA174   |b .H24 2003 
100 0 |a Haik, Yousef ,   |d 1963- ,   |e author 
245 1 0 |a Engineering design process   |c Yousef Haik 
260 2 |a Pacific Grove, Calif. :   |b Thomson Brooks/Cole ,   |c c2003 
300 |a xiv, 270 p. :   |b ill. ;   |c 25 cm. 
504 |a Includes index 
650 0 |a Engineering design 
999 |a 1000095993   |b Book   |c OPEN SHELF (30 DAYS)   |e Gong Badak Campus